000 00862nam a2200229Ia 4500
003 OSt
005 20210831132109.0
008 210310s1979 ck fr 000 0 spa d
040 _aCO-JMCR
_cCO-JMCR
041 0 _aspa
082 0 4 _a340.1 /
_bZ12d
_223
100 1 _aZabalza Iriarte, Joaquín,
_917292
_eautor
245 1 3 _aEl derecho, Tomas de Aquino y Latinoamérica /
_cJoaquín Zabalza Iriarte
250 _aSegunda edición
260 _aBogotá :
_bUniversidad Santo Tomás,
_c1979
300 _a251 páginas ;
_c20 cm.
504 _aBibliografía: página 251
505 0 _aEl Derecho -- El triangulo jurídico -- El sujeto del derecho y del deber -- El fundamento, fin y tipología del derecho y del deber
600 4 _aTomás de Aquino,
_d1225-1274
_xCrítica e interpretación
_939822
650 1 4 _aDerecho
_917294
_xFilosofía
942 _2ddc
_cBK
999 _c8445
_d8445